01622nam a2200385 a 4500001001000000003000500010005001700015008004100032010001100073011001100084040000900095090001000104100004200114245022900156260004100385500006000426502006900486590004100555590004100596590004000637590004000677590004000717590004000757590004000797650004700837650002800884650004100912700004000953856007000993901000701063942001001070942000601080999001901086952013101105000115272CHAP20220329144527.0190122s2018 mx a sm |||||||spa d a111733 a112705 cCHAP aTesis1 aSantiago Moreno, Diana Laura.913628210aEvaluación y diseño de un sistema de riego para el cultivo de papaya (Carica papaya L.) en el municipio de Buena Vista Tomatlán, Michoacán /h[En línea]cpor Diana Laura Santiago Moreno y Maximiliano Tapia Herrera. aChapingo, Méx. :bEl autor,c2018. aPara ver el contenido del material haga clic en la liga aTesis (Ing. Agr. Esp. en Suelos) -- UACH. Departamento de Suelos aBATCH-UPDb10c20190623lUCH01h1206 aE11695DGDb10c20190623lUCH01h1205 aE8697GMMb05c20190122lUCH01h1411 aE8697GMMb05c20190122lUCH01h1415 aE8697GMMb05c20190123lUCH01h0916 aE8697GMMb05c20190507lUCH01h1541 aE8697GMMb05c20190517lUCH01h153514aRiego de superficiexEvaluación.913238514aRiego por goteo.99738014aSuelosxHumedadxMedición.91286901 aTapia Herrera, Maximiliano.9136283 aFinding aiduhttp://10.13.5.2/tesis/sist115272.pdfzTeclea aquí aBK cTESIS n0 c111733d111733 00104054718TESISaBCbBCd2019-01-22fTESISl0oTesisp115280-10r2019-12-31 00:00:00w2019-12-31yTESISzRecien adquirido